00639nam a2200217Ia 4500003000900000008004100009040001300050040001300063041000800076100001900084245003200103250001200135260001700147260000900164300001100173300001000184490000600194942000700200999001700207952019700224IT-RoPAU120407s9999 xx 000 0 und d aIT-RoPAU cIT-RoPAU aita aGiovanni Locke aPensieri sull’educazione. aFirenze aNuova Italia c1960 a307 p. c20 cm v1 cBK c32100d32100 00102ddc406192_00000000000000071aPAULUSbPAULUSd2012-04-11l0o192.0r2012-04-11 00:00:00w2012-04-11yBKzInserito da: Jole In data: 12 settembre 2011 fondo: Via A.Severo 56 Progr:28738